000 00541nam a22001937a 4500
003 KOHA_MİRAKIL
005 20250414180219.0
008 250414b tu ||||| |||| 00| 0 tur d
020 _a9786258327052
040 _aTR-AnABB
_btur
_cTR-AnABB
041 _atur
082 _a813.42
_bCEL 2022
100 1 _aÇelikel, Serhat,
245 1 0 _aMasa, bayrak, sandalye /
_cSerhat Çelikel
260 _aİstanbul :
_bİthaki Yayınları,
_c2022
300 _a548 sayfa ;
_c20 cm
650 0 4 _aTürk edebiyatı, roman
942 _2ddc
_cBK
999 _c8695
_d8695
900 _bGizem YORULMAZ